| 000 | 00615cam a22002411 4500 | ||
|---|---|---|---|
| 001 | sa 67000079 | ||
| 003 | DLC | ||
| 005 | 20260227112311.0 | ||
| 008 | 890628s1966 ii b 000 0 hino | ||
| 010 | _asa 67000079 | ||
| 035 | _a(OCoLC)19940608 | ||
| 040 |
_aDLC _cWaU _dDLC |
||
| 042 | _apremarc | ||
| 050 | 0 | 0 |
_aPK3659 _b.A4 1966 |
| 100 | 1 |
_aAgravāla, Rāmaprakāśa, _d1919- |
|
| 245 | 1 | 0 | _aVālmīki aura Tulasī. |
| 260 | _c[1966] | ||
| 300 |
_a4, 3, 554 p. _c23 cm. |
||
| 500 | _aIn Hindi. | ||
| 504 | _aBibliography: p. [548]-554. | ||
| 600 | 0 | 0 | _aVālmīki. |
| 600 | 0 | 0 |
_aTulasīdāsa, _d1532-1623. |
| 999 |
_c71744 _d71744 |
||